<?xml version="1.0" encoding="UTF-8"?>
<record
    xmlns:xsi="http://www.w3.org/2001/XMLSchema-instance"
    xsi:schemaLocation="http://www.loc.gov/MARC21/slim http://www.loc.gov/standards/marcxml/schema/MARC21slim.xsd"
    xmlns="http://www.loc.gov/MARC21/slim">

  <leader>01283nam a2200289 a 4500</leader>
  <controlfield tag="001">000048441</controlfield>
  <controlfield tag="003">Ost</controlfield>
  <controlfield tag="005">20211020114657.0</controlfield>
  <controlfield tag="008">190315s2010    dr      r     000 j spa d</controlfield>
  <datafield tag="020" ind1=" " ind2=" ">
    <subfield code="a">9789945873542</subfield>
  </datafield>
  <datafield tag="040" ind1=" " ind2=" ">
    <subfield code="a">DO-SdBNP</subfield>
    <subfield code="b">spa</subfield>
    <subfield code="c">BPMSU</subfield>
  </datafield>
  <datafield tag="082" ind1=" " ind2=" ">
    <subfield code="a">RD863.44</subfield>
    <subfield code="b">B742c, 2010</subfield>
    <subfield code="2">22</subfield>
  </datafield>
  <datafield tag="100" ind1="1" ind2=" ">
    <subfield code="a"> Bosch, Juan, </subfield>
    <subfield code="d">1909-2001</subfield>
    <subfield code="9">1</subfield>
  </datafield>
  <datafield tag="245" ind1="1" ind2="0">
    <subfield code="a">Cuentos escritos antes del exilio. /</subfield>
    <subfield code="c">Juan Bosch ; pr&#xF3;logo Bruno Rosario Candelier.</subfield>
  </datafield>
  <datafield tag="260" ind1=" " ind2=" ">
    <subfield code="a">Santo Domingo :</subfield>
    <subfield code="b">Ministerio de Cultura,</subfield>
    <subfield code="c">2010</subfield>
  </datafield>
  <datafield tag="300" ind1=" " ind2=" ">
    <subfield code="a">213p. ;</subfield>
    <subfield code="c">23 cm.</subfield>
  </datafield>
  <datafield tag="490" ind1="0" ind2=" ">
    <subfield code="a">Centenario ;</subfield>
    <subfield code="a">Literatura </subfield>
  </datafield>
  <datafield tag="500" ind1=" " ind2=" ">
    <subfield code="a">Incluye datos biogr&#xE1;ficos del autor en la solapa de la cubierta </subfield>
  </datafield>
  <datafield tag="505" ind1="0" ind2=" ">
    <subfield code="a">La mujer --</subfield>
    <subfield code="t">Dos pesos de agua --</subfield>
    <subfield code="t">La verdad --</subfield>
    <subfield code="t">Piloncito --</subfield>
    <subfield code="t">El resguardo --</subfield>
    <subfield code="t">El cobarde --</subfield>
    <subfield code="t">Chucho --</subfield>
    <subfield code="t">La pulper&#xED;a --</subfield>
    <subfield code="t">Revoluci&#xF3;n --</subfield>
    <subfield code="t">El abuelo --</subfield>
    <subfield code="t">Sombras --</subfield>
    <subfield code="t">El alzado --</subfield>
    <subfield code="t">La p&#xE1;jara --</subfield>
    <subfield code="t">El algarrobo --</subfield>
    <subfield code="t">Forzados --</subfield>
    <subfield code="t">El cuchillo --</subfield>
    <subfield code="t">Cundito --</subfield>
    <subfield code="t">Guaraguaos --</subfield>
    <subfield code="t">La sangre --</subfield>
    <subfield code="t">Lucero --</subfield>
    <subfield code="t">Lo mejor --</subfield>
    <subfield code="t">San Andr&#xE9;s --</subfield>
    <subfield code="t">La negaci&#xF3;n --</subfield>
    <subfield code="t">Camino real.</subfield>
  </datafield>
  <datafield tag="590" ind1=" " ind2=" ">
    <subfield code="a">Inventariado, 2021/VM</subfield>
  </datafield>
  <datafield tag="650" ind1="1" ind2="4">
    <subfield code="a">Cuentos dominicanos</subfield>
  </datafield>
  <datafield tag="650" ind1=" " ind2="4">
    <subfield code="a">Literatura dominicana.</subfield>
  </datafield>
  <datafield tag="700" ind1=" " ind2=" ">
    <subfield code="a">Rosario Candelier, Bruno,</subfield>
    <subfield code="d">1941-</subfield>
    <subfield code="e">pr&#xF3;l.</subfield>
  </datafield>
  <datafield tag="700" ind1="z" ind2=" ">
    <subfield code="a">Candelier, Bruno Rosario,</subfield>
    <subfield code="d">1941</subfield>
  </datafield>
  <datafield tag="910" ind1=" " ind2=" ">
    <subfield code="a">VMateo V.</subfield>
  </datafield>
  <datafield tag="942" ind1=" " ind2=" ">
    <subfield code="2">ddc</subfield>
    <subfield code="c">BK</subfield>
  </datafield>
  <datafield tag="952" ind1=" " ind2=" ">
    <subfield code="0">0</subfield>
    <subfield code="1">0</subfield>
    <subfield code="2">ddc</subfield>
    <subfield code="4">0</subfield>
    <subfield code="7">0</subfield>
    <subfield code="8">CD</subfield>
    <subfield code="a">BPMET</subfield>
    <subfield code="b">BPMET</subfield>
    <subfield code="d">2021-10-20</subfield>
    <subfield code="e">Fundaci&#xF3;n Juan Bosch </subfield>
    <subfield code="l">0</subfield>
    <subfield code="o">BPMSU CD RD863.44 B742c 2010</subfield>
    <subfield code="p">BPMSU21100132</subfield>
    <subfield code="r">2021-10-20</subfield>
    <subfield code="w">2021-10-20</subfield>
    <subfield code="y">BK</subfield>
  </datafield>
  <datafield tag="952" ind1=" " ind2=" ">
    <subfield code="0">0</subfield>
    <subfield code="1">0</subfield>
    <subfield code="2">ddc</subfield>
    <subfield code="4">0</subfield>
    <subfield code="7">0</subfield>
    <subfield code="8">CD</subfield>
    <subfield code="a">BPMET</subfield>
    <subfield code="b">BPMET</subfield>
    <subfield code="d">2021-10-20</subfield>
    <subfield code="e">Fundaci&#xF3;n Juan Bosch </subfield>
    <subfield code="l">0</subfield>
    <subfield code="o">BPMSU CD RD863.44 B742c 2010</subfield>
    <subfield code="p">BPMSU25060080</subfield>
    <subfield code="r">2025-06-20</subfield>
    <subfield code="t">e.2</subfield>
    <subfield code="w">2021-10-20</subfield>
    <subfield code="y">BK</subfield>
  </datafield>
  <datafield tag="952" ind1=" " ind2=" ">
    <subfield code="0">0</subfield>
    <subfield code="1">0</subfield>
    <subfield code="2">ddc</subfield>
    <subfield code="4">0</subfield>
    <subfield code="7">0</subfield>
    <subfield code="8">CD</subfield>
    <subfield code="a">BPMET</subfield>
    <subfield code="b">BPMET</subfield>
    <subfield code="d">2021-10-20</subfield>
    <subfield code="e">Fundaci&#xF3;n Juan Bosch </subfield>
    <subfield code="l">0</subfield>
    <subfield code="o">BPMSU CD RD863.44 B742c 2010</subfield>
    <subfield code="p">BPMSU25060081</subfield>
    <subfield code="r">2025-06-20</subfield>
    <subfield code="t">e.3</subfield>
    <subfield code="w">2021-10-20</subfield>
    <subfield code="y">BK</subfield>
  </datafield>
  <datafield tag="999" ind1=" " ind2=" ">
    <subfield code="c">13814</subfield>
    <subfield code="d">13814</subfield>
  </datafield>
</record>
